000 00836cam a2200277 a 4500
999 _c3043
_d3043
001 118534
003 GBCCL
005 20241126110445.0
008 960209s1996 caua b 000 0 eng
010 _a 96004988
020 _a0830718397
035 _a(OCoLC)ocm34322879
040 _aDLC
_cDLC
_dBAKER
_dLBB
049 _aLBBK
_aLBBT
050 0 0 _aBV5055
_b.T69 1996
082 _a248.47
_bTOW
090 _aBV5055
_b.T69 1996
100 1 _aTowns, Elmer L.
_9410
245 1 0 _aFasting for spiritual breakthrough /
_cElmer L. Towns.
260 _aVentura, Calif. :
_bRegal Books,
_cc1996.
300 _a251 p. :
_bill. ;
_c22 cm.
504 _aIncludes bibliographical references (p. [249]-251).
650 0 _aFasting
_xReligious aspects
_xChristianity.
_96109
650 0 _aFasting
_xBiblical teaching.
_96317
942 _2ddc
_cBK
_03